| 000 | 00813nam a2200205 a 4500 | ||
|---|---|---|---|
| 005 | 20250116063847.0 | ||
| 008 | 080627s1984 mx r 000 0 spa d | ||
| 035 | _aUPN01000157745 | ||
| 049 | _aUNE | ||
| 080 | 1 | 4 | _a37.014.22 (729.7/.8) =20 "1983-99" MAJ. |
| 245 | 0 | 0 |
_aMajor project in the field of education in Latin America and the Caribbean: _bplan of action (revised) 1983-1999; St. Kitts and Nevis. |
| 260 |
_aSt. kitts : _bDepartment of Education, _c1984. |
||
| 300 |
_a1 v. (en varias paginaciones) : _bfots. |
||
| 690 | _aMetas de la educación | ||
| 690 |
_aEducación _9682 |
||
| 690 | _aSan Cristóbal, Nieves y Anguila | ||
| 710 | 1 |
_aSan Cristobal, Nieves y Anguila. _bDepartament of Educaction |
|
| 710 | 2 | _aProyecto principal de educación para América Latina y el Caribe | |
| 905 | _aUNESCO | ||
| 999 |
_c129859 _d129859 |
||